| 000 | 00500pab a2200157 454500 | ||
|---|---|---|---|
| 008 | 180718b2011 xxu||||| |||| 00| 0 eng d | ||
| 100 | _aDas, J.K. | ||
| 245 | _aContemporary relevance of three scientific techniques during investigation of criminal cases with special reference to human right to health | ||
| 260 | _c2011 | ||
| 300 | _ap.66-89. | ||
| 362 | _aJul-Dec | ||
| 650 | _aHealth services | ||
| 773 | _aJournal of Constitutional and Parliamentary Studies | ||
| 908 | _aN | ||
| 909 | _a98565 | ||
| 999 |
_c98564 _d98564 |
||